Moderne deutsche Malerei (Record no. 10022)

MARC details
000 -CABECERA
campo de control de longitud fija 00694nam a2200229 a 4500
001 - NÚMERO DE CONTROL
campo de control BRL_1210
005 - FECHA Y HORA DE LA ÚLTIMA TRANSACCIÓN
campo de control 20190320211103.0
008 - DATOS DE LONGITUD FIJA--INFORMACIÓN GENERAL
campo de control de longitud fija 281113s1954----gw-a######---#000-0#ger-#
041 ## - CÓDIGO DE LENGUA
Código de lengua del texto/banda sonora o título independiente ger
044 ## - CÓDIGO DEL PAÍS DE LA ENTIDAD EDITORA/PRODUCTORA
Código MARC del país gw
050 #4 - SIGNATURA TOPOGRÁFICA DE LA BIBLIOTECA DEL CONGRESO
Número de clasificación ND568
Número de documento/Ítem .R68 1954
100 1# - ENTRADA PRINCIPAL--NOMBRE DE PERSONA
Nombre de persona Ro¨thel, Hans Konrad
Fechas asociadas al nombre 1909-1982
9 (RLIN) 26130
245 10 - MENCIÓN DE TÍTULO
Título Moderne deutsche Malerei
Resto del título Mit 50 Farbtafeln und 28 Graphiken
Mención de responsabilidad, etc. von Hans Konrad Röthel.
260 ## - PUBLICACIÓN, DISTRIBUCIÓN, ETC.
Lugar de publicación, distribución, etc. Wiesbaden
Nombre del editor, distribuidor, etc. Emil Vollmer
Fecha de publicación, distribución, etc. [1954]
300 ## - DESCRIPCIÓN FÍSICA
Extensión 103 p.
Otras características físicas il. (algunas a color)
Dimensiones 33 cm.
500 ## - NOTA GENERAL
Nota general Au1385
504 ## - NOTA DE BIBLIOGRAFÍA, ETC.
Nota de bibliografía, etc. Bibliografía y literatura: p. 97-101
650 14 - PUNTO DE ACCESO ADICIONAL DE MATERIA--TÉRMINO DE MATERIA
Término de materia o nombre geográfico como elemento de entrada Pintura alemana
9 (RLIN) 9335
650 14 - PUNTO DE ACCESO ADICIONAL DE MATERIA--TÉRMINO DE MATERIA
Término de materia o nombre geográfico como elemento de entrada Arte moderno
Subdivisión cronológica Siglo XX
9 (RLIN) 1863
902 ## - CATALOGADOR
Iniciales GRL
942 ## - ELEMENTOS DE PUNTO DE ACCESO ADICIONAL (KOHA)
Fuente del sistema de clasificación o colocación Library of Congress Classification
Tipo de ítem Koha Libros
Holdings
Estado de retiro Estado de pérdida Estado dañado No para préstamo Localización permanente Ubicación/localización actual Fecha de adquisición Número de inventario Total de préstamos Signatura topográfica completa Código de barras Fecha visto por última vez Precio válido a partir de Tipo de ítem Koha
El ejemplar forma parte de la colección y puede ser consultado según las políticas vigentes.       Biblioteca Centro de Estudios Ruth D. Lechuga Biblioteca Centro de Estudios Ruth D. Lechuga 28/11/2013 Au1385   ND568 .R68 1954 (Au1385) GRL01327 22/03/2019 22/03/2019 Libros